Co mohou nabídnout regulační plány.

Hlavné predstavy o plánoch regulácie územia. Jednotlivé roviny regulácie územia a sídiel - regionálny plán, plán využitia krajinného celku, plán využitia územia, regulačný plán mesta alebo obce, regulačný plán štvrti. Ich jednotlivé charakteristiky.

Gespeichert in:
Bibliographische Detailangaben
1. Verfasser: Koubek, P.
Format: Buchkapitel
Sprache:Tschechisch
Schlagworte:
Tags: Tag hinzufügen
Keine Tags, Fügen Sie das erste Tag hinzu!

MARC

LEADER 00000naa a2200000 4500
001 r006300
005 20221125081524.2
041 0 |a cze 
044 |a [CS] 
245 1 0 |a Co mohou nabídnout regulační plány.  |c P. Koubek 
520 |a Hlavné predstavy o plánoch regulácie územia. Jednotlivé roviny regulácie územia a sídiel - regionálny plán, plán využitia krajinného celku, plán využitia územia, regulačný plán mesta alebo obce, regulačný plán štvrti. Ich jednotlivé charakteristiky. 
610 2 0 |a plán územný 
610 2 0 |a plánovanie regionálne 
610 2 0 |a mestá 
610 2 0 |a sídliská 
610 2 0 |a regulácia 
610 2 0 |a obce 
100 1 |a Koubek, P.